00585nam a22002057a 450000500170000001000130001702000220003003500130005203700160006504000120008108200150009310000230010824500550013126000440018627000370023030000250026750000190029265000200031165000480033120170124110248.0 aA-902949 c85.00a8170143888 aA-902949 bCen Lib/Ret aDPLbEN a347.7bGHO aGhosh, Prasanta K. aCompany law and practice 1 /cby Prasanta K. Ghosh aNew Delhi bSultan Chand and Sonsc1997 a23 DaryaganjbNew Delhi e110002 axiv,554p. c21cm(Hb) aIncludes index aCorporation law aCorporations--Taxation--Law and legislation